|
|
|
|
| LEADER |
00862nab#a2200289#ar4500 |
| 001 |
000076473 |
| 003 |
SVKKK |
| 005 |
20050809xxxxxxx. |
| 008 |
06 c xo huno |
| FMT |
|
|
|
| 038 |
|
|
|a SVKKK
|
| 040 |
|
|
|a SVKKK
|b slo
|e AACR2
|
| 041 |
0 |
|
|a hun
|
| 044 |
|
|
|a xo
|c SK
|
| 080 |
|
|
|a 663.4
|
| 242 |
1 |
0 |
|a Michalovský pivovar a sladovňa
|
| 245 |
0 |
0 |
|a A nagymihályi sör és malátagyár
|
| 500 |
|
|
|a Ex/Ro-75
|
| 520 |
2 |
|
|a Na správnej rade za riaditeľa zvolili Alexandra (Sándor) Horvátha, člena správy a za právneho zástupcu Dr. M.Kellnera.
|
| 650 |
0 |
4 |
|a Michalovský pivovar a sladovňa - voľba predstavenstva - Mcihalovce - rok 1906 - správy
|
| 773 |
0 |
|
|t Felsö-Zemplén
|g Roč. 11, č. 42 (01.11.1906) s. 2
|
| 957 |
|
|
|a Michalovce
|
| 958 |
|
|
|a SK
|
| 974 |
|
|
|a zuz
|d 20050809
|
| 992 |
|
|
|a RBX
|
| BAS |
|
|
|
| 998 |
|
|
|a RETRO
|